Steel Designer's Handbook by Gorec (Record no. 613647)

000 -LEADER
fixed length control field 00287nam a22001217a 4500
020 ## - INTERNATIONAL STANDARD BOOK NUMBER
International Standard Book Number 978-93-84007-71-3
040 ## - CATALOGING SOURCE
Original cataloging agency dlc
Transcribing agency dlc
Modifying agency dlc
Description conventions dlc
082 ## - DEWEY DECIMAL CLASSIFICATION NUMBER
Edition number 624.182
Author Mark GOR
245 ## - TITLE STATEMENT
Title Steel Designer's Handbook by Gorec
250 ## - EDITION STATEMENT
Edition statement 8th
260 ## - PUBLICATION, DISTRIBUTION, ETC.
Place of publication, distribution, etc. India
Name of publisher, distributor, etc. MEDTECH
Date of publication, distribution, etc. 2016
942 ## - ADDED ENTRY ELEMENTS (KOHA)
Source of classification or shelving scheme
Koha item type Book
Holdings
Withdrawn status Lost status Source of classification or shelving scheme Damaged status Not for loan Permanent Location Current Location Date acquired Total Checkouts Full call number Barcode Date last seen Price effective from Koha item type
          School of Civil and Environmental Engineering (SCEE) School of Civil and Environmental Engineering (SCEE) 04/22/2025   624.182 GOR NIT-13775 04/22/2025 04/22/2025 Book
© 2023 Central Library, National University of Sciences and Technology. All Rights Reserved.